An assessment of the National Institute of Standards and Technology Center for Neutron Research (Record no. 237830)
[ view plain ]
| 000 -LEADER | |
|---|---|
| fixed length control field | 01695nam a2200361 a 4500 |
| 245 13 - TITLE STATEMENT | |
| Title | An assessment of the National Institute of Standards and Technology Center for Neutron Research |
| 260 ## - PUBLICATION, DISTRIBUTION, ETC. (IMPRINT) | |
| Place of publication | Washington, D.C. : |
| Name of publisher | National Academies Press, |
| Year of publication | 2011. |
| 300 ## - PHYSICAL DESCRIPTION | |
| Number of Pages | vii, 24 p. |
| 500 ## - GENERAL NOTE | |
| General note | "Panel on Neutron Research, Laboratory Assessments Board, Division on Engineering and Physical Sciences." |
| 650 #0 - SUBJECT ADDED ENTRY--TOPICAL TERM | |
| Topical Term | Neutrons. |
| Topical Term | Nuclear physics |
| Topical Term | Nuclear facilities |
| 856 40 - ELECTRONIC LOCATION AND ACCESS | |
| Uniform Resource Identifier | http://site.ebrary.com/lib/rucke/Doc?id=10520720 |
No items available.
